| 000 | 01103cab a2200277 4500 | ||
|---|---|---|---|
| 001 | ABS54141 | ||
| 008 | 090401t1995 xxu||||| |||| 00| 0 eng d | ||
| 035 | _a(Sirsi) u8766 | ||
| 041 | _aeng | ||
| 245 | _aIndoor air quality management | ||
| 260 | _c1995 | ||
| 350 | _a0 | ||
| 490 |
_aFacilities Management _v3(2) December 1995, 16-17(2) |
||
| 520 | _aLooks at the two main categories for air quality complaints - sick building syndrome (SBS) and building-related illness (BRI). Identifies the illnesses associated with these two categories and their symptoms. Also discusses indoor air pollution. | ||
| 650 | _aBUILT ENVIRONMENT-BUILDING ELEMENTS-COMPLETE BUILDING SERVICES ELEMENTS-COMPLETE HEATING, VENTILATION AND AIR CONDITIONING SYSTEMS | ||
| 650 | _aAIR POLLUTION | ||
| 650 | _aBUILDING-RELATED ILLNESS | ||
| 650 | _aHEALTH AND SAFETY AT WORK | ||
| 650 | _aHEALTH RISK | ||
| 650 | _aINDOOR AIR QUALITY | ||
| 650 | _aSICK BUILDING SYNDROME | ||
| 690 | _aBUILT ENVIRONMENT-BUILDING STANDARDS | ||
| 690 | _aOFFICE SERVICES AND ADMINISTRATION | ||
| 942 | _n0 | ||
| 948 | _c04/03/1997 | ||
| 999 |
_c5434 _d5434 |
||